Statistics for Marvel Future Fight Characters (2023 - May)

Click here to take the quiz!

General Stats

  • This quiz has been taken 268 times
    (49 since last reset)
  • The average score is 118 of 253

Answer Stats

Max TierBase TypeBase SideMFF Character% Correct
IVSpeedHeroSpider-Man
95%
IVSpeedHeroBlack Widow
91%
IVBlastHeroIron Man
91%
IVUniversalHeroThor
91%
IIIUniversalHeroThor (Jane Foster)
91%
IVSpeedHeroAnt-Man
86%
IVCombatHeroCaptain America
86%
IVBlastHeroCaptain America (Sharon Rogers)
86%
AwakenCombatHeroHulk (Amadeus Cho) / Brawn
86%
IVCombatHeroHulk / Maestro / Nul
86%
IVUniversalVillainThanos
86%
AwakenBlastHeroWasp
86%
AwakenBlastHeroWasp (Nadia Van Dyne)
86%
IIIBlastHeroDoctor Strange
82%
IIIUniversalVillainLoki
82%
IISpeedVillainSin
82%
IVBlastHeroStar-Lord
82%
AwakenCombatHeroBeast
77%
AwakenSpeedHeroGamora / Requiem
77%
IICombatHeroGroot
77%
AwakenBlastHeroHuman Torch
77%
IIIBlastHeroScarlet Witch
77%
IIIUniversalVillainUltron
77%
IIIBlastHeroWar Machine
77%
IIICombatHeroWolverine
77%
AwakenSpeedHeroAngel / Archangel
73%
IIICombatHeroBlack Panther
73%
IIIUniversalHeroCaptain Marvel
73%
IIIBlastHeroCyclops
73%
IIIUniversalVillainDoctor Doom
73%
AwakenCombatHeroDrax
73%
IIICombatHeroMr Fantastic / The Maker
73%
IIISpeedHeroQuicksilver
73%
IIIBlastHeroRocket Raccoon
73%
IVCombatVillainVenom
73%
IIISpeedHeroDaredevil
68%
IIISpeedHeroFalcon
68%
IISpeedVillainGhost
68%
IIISpeedVillainGreen Goblin / Red Goblin / Iron Patriot
68%
AwakenSpeedHeroHawkeye (Kate Bishop)
68%
IIISpeedHeroHawkeye / Ronin
68%
IIIBlastHeroIceman
68%
AwakenBlastHeroInvisible Woman
68%
IVBlastHeroJean Grey / Phoenix / Marvel Girl / Dark Phoenix
68%
IVBlastVillainMagneto
68%
AwakenBlastHeroMantis
68%
AwakenCombatVillainNebula
68%
IVBlastHeroProfessor X
68%
IVBlastHeroStorm
68%
AwakenCombatHeroThing
68%
IIISpeedVillainWinter Soldier
68%
IIISpeedHeroWong
68%
IICombatVillainAbomination
64%
IIIBlastHeroAdam Warlock
64%
IVUniversalHeroBlack Bolt
64%
IVCombatVillainCarnage
64%
IIIUniversalHeroGhost Rider
64%
AwakenUniversalHeroGhost Rider (Robbie Reyes)
64%
IISpeedHeroNick Fury
64%
IIIUniversalVillainProxima Midnight
64%
AwakenCombatVillainSandman
64%
IIISpeedHeroShuri
64%
IIIUniversalHeroSilver Surfer
64%
IIIBlastHeroAncient One
59%
AwakenUniversalVillainCorvus Glaive
59%
AwakenCombatVillainDoctor Octopus / Superior Octopus
59%
IIIUniversalVillainEbony Maw
59%
AwakenBlastHeroGambit
59%
AwakenCombatHeroIron Fist
59%
AwakenCombatVillainLizard
59%
AwakenCombatHeroLuke Cage / Power Man
59%
IVCombatHeroMoon Knight / Mr Knight
59%
AwakenSpeedVillainMystique
59%
IIIUniversalHeroOdin
59%
AwakenBlastVillainRed Skull
59%
IIISpeedHeroRogue
59%
IIICombatHeroShe-Hulk
59%
AwakenSpeedHeroSpider-Gwen
59%
IISpeedHeroSpider-Man 2099
59%
AwakenBlastHeroSpider-Woman
59%
AwakenCombatHeroValkyrie
59%
IIIBlastHeroVision
59%
AwakenCombatVillainAbsorbing Man / Greithoth
55%
IISpeedVillainBlack Cat
55%
AwakenUniversalVillainBlack Dwarf / Cull Obsidian
55%
IIIBlastHeroCable
55%
AwakenCombatHeroColossus
55%
IIISpeedHeroDeadpool
55%
AwakenSpeedVillainElectro
55%
IIISpeedHeroElektra
55%
IIICombatVillainKingpin
55%
AwakenUniversalHeroMedusa
55%
AwakenBlastVillainMysterio
55%
IVCombatHeroNamor
55%
IIUniversalHeroNova (Richard Rider)
55%
AwakenUniversalHeroNova (Sam Alexander)
55%
AwakenBlastHeroPsylocke / Captain Britain
55%
AwakenCombatHeroSif
55%
IIISpeedHeroSpider-Man (Miles Morales)
55%
IISpeedHeroYondu
55%
AwakenCombatHeroAgent Venom
50%
AwakenBlastHeroBishop
50%
IIBlastHeroCrystal
50%
IIIBlastHeroEmma Frost
50%
AwakenUniversalHeroHeimdall
50%
AwakenCombatHeroHulkbuster (Iron Man Mark 44)
50%
IIBlastVillainHydro-Man
50%
AwakenCombatHeroJessica Jones / Jewel / Power Girl
50%
IICombatVillainKillmonger
50%
IIIBlastVillainMODOK
50%
IIICombatHeroMs Marvel (Kamala Khan)
50%
IICombatVillainRed Hulk
50%
IICombatVillainSabretooth
50%
IIIUniversalHeroSentry
50%
AwakenUniversalVillainSupergiant
50%
AwakenSpeedVillainVulture
50%
AwakenSpeedHeroX-23
50%
IIICombatVillainApocalypse
45%
AwakenBlastVillainBaron Mordo
45%
IISpeedVillainBaron Zemo
45%
IIICombatHeroBlade
45%
IVUniversalHeroBlue Marvel
45%
IIIUniversalVillainHela
45%
IIIUniversalVillainKnull
45%
IIISpeedHeroLuna Snow
45%
IIICombatHeroPunisher / Cosmic Ghost Rider
45%
AwakenCombatVillainRhino
45%
IISpeedVillainScorpion
45%
IIICombatHeroShang-Chi
45%
IIICombatVillainTaskmaster
45%
AwakenUniversalHeroBeta Ray Bill
41%
AwakenCombatVillainBullseye / Dark Hawkeye
41%
IISpeedHeroDomino
41%
IIIUniversalVillainDormammu
41%
AwakenCombatHeroGiant Man / Ultron Pym
41%
IIIUniversalVillainGorr
41%
IICombatHeroHulkling
41%
IIIUniversalHeroIkaris
41%
IISpeedHeroKarnak
41%
IIIBlastVillainMephisto
41%
IISpeedHeroMockingbird
41%
AwakenBlastVillainMoonstone
41%
AwakenSpeedHeroNightcrawler
41%
IIUniversalHeroPhyla-Vell
41%
IIUniversalVillainRonan
41%
AwakenBlastHeroSersi
41%
AwakenCombatVillainTitania / Skirn
41%
IIBlastVillainYellowjacket
41%
AwakenSpeedHeroAero
36%
IISpeedHeroAgent 13
36%
IICombatVillainCrossbones
36%
IIBlastVillainEnchantress
36%
IISpeedHeroFandral
36%
AwakenCombatHeroGilgamesh
36%
IICombatHeroGoliath
36%
AwakenSpeedHeroGwenpool
36%
IICombatHeroHogun
36%
IISpeedHeroKid Kaiju
36%
IIIBlastHeroMagik
36%
IICombatVillainMolten Man
36%
AwakenCombatVillainRed Guardian
36%
AwakenBlastHeroRescue
36%
IIISpeedHeroScarlet Spider / Chasm
36%
AwakenCombatVillainScream
36%
IIUniversalVillainSentinel / Nimrod
36%
IIISpeedHeroSquirrel Girl
36%
IIIUniversalHeroThena
36%
IISpeedVillainViper
36%
IICombatHeroVolstagg
36%
AwakenUniversalHeroAngela
32%
IISpeedHeroCassie Lang / Stature
32%
AwakenUniversalHeroClea
32%
IIBlastHeroDazzler
32%
AwakenUniversalHeroGhost Panther
32%
IICombatHeroGorgon
32%
IISpeedHeroHellcat
32%
AwakenBlastHeroIronheart / Riri Williams
32%
IIBlastHeroJubilee
32%
IIBlastHeroKid Omega
32%
IIISpeedHeroKitty Pryde / Red Queen
32%
IIISpeedVillainKraven the Hunter
32%
AwakenSpeedHeroMakkari
32%
IIBlastVillainMaximus
32%
IICombatHeroM'baku
32%
IIBlastHeroPhil Coulson
32%
IICombatHeroRed She-Hulk
32%
IICombatHeroWarpath
32%
AwakenCombatHeroWar Tiger
32%
IIBlastVillainWenwu
32%
IIBlastVillainWhiplash
32%
IICombatHeroWhite Tiger
32%
IIBlastHeroWiccan
32%
AwakenCombatHeroAmerica Chavez
27%
IIUniversalVillainAnti-Man
27%
AwakenSpeedHeroArachknight
27%
IICombatVillainAres
27%
IIICombatHeroCrescent
27%
IICombatHeroDeathlok
27%
IIUniversalHeroDoctor Voodoo
27%
IISpeedHeroFantomex
27%
AwakenCombatVillainJuggernaut
27%
IISpeedHeroKaty
27%
IIBlastVillainMalekith
27%
AwakenCombatVillainMorbius
27%
IIBlastHeroRachel Summers
27%
IIUniversalHeroSatana
27%
IIBlastHeroSongbird
27%
AwakenBlastHeroSpectrum
27%
AwakenCombatVillainToxin
27%
AwakenSpeedHeroWave
27%
AwakenBlastVillainWeapon Hex
27%
IIISpeedHeroWhite Fox
27%
AwakenSpeedVillainYelena Belova
27%
AwakenBlastHeroBlue Dragon
23%
IICombatVillainDaken
23%
IISpeedHeroDarkhawk
23%
AwakenUniversalNeutralDestroyer
23%
AwakenSpeedHeroElsa Bloodstone
23%
IICombatHeroGladiator
23%
IIUniversalHeroHellstorm
23%
IIIUniversalHeroHyperion
23%
AwakenUniversalHeroIron Hammer
23%
AwakenBlastVillainKaecilius
23%
AwakenBlastHeroKingo
23%
IIBlastVillainLash
23%
IISpeedHeroMisty Knight
23%
IIIUniversalVillainMolecule Man
23%
IIBlastHeroMoon Girl
23%
IIIUniversalVillainMorgan Le Fay
23%
AwakenUniversalHeroQuasar (Avril Kincaid)
23%
IVUniversalHeroShadow Shell
23%
AwakenSpeedHeroSilk
23%
IIBlastHeroSister Grimm
23%
AwakenSpeedHeroSun Bird
23%
AwakenCombatHeroSword Master
23%
IIUniversalVillainThane
23%
IIUniversalVillainVictorious
23%
IIBlastHeroDaisy Johnson
18%
AwakenBlastHeroEcho / Maya Lopez
18%
IIBlastHeroInferno
18%
IISpeedVillainKorath
18%
IIBlastHeroLincoln Campbell
18%
IICombatVillainMinn-Erva
18%
AwakenBlastVillainMister Sinister
18%
IIBlastHeroNegasonic Teenage Warhead
18%
IIUniversalHeroSingularity
18%
AwakenCombatVillainSkurge
18%
IIBlastVillainStryfe
18%
IIBlastVillainUlysses Klaue
18%
IICombatHeroGorilla-Man
14%
IIUniversalHeroSlapstick
14%
IICombatHeroWarwolf
14%
IICombatVillainUlik
9%

Score Distribution

Percentile by Number Answered

Percent of People with Each Score

Your Score History

You have not taken this quiz since the last reset